|
|
|
แสดงรายละเอียดบรรณานุกรม |
|
|
Brief Record
: Get Marc (ISO 2709)
: E-mail record
: |
|
|
| LEADER 01174nam 2200277 a 4500 | |||
| 001 13534 | |||
| 003 ULIBM | |||
| 008 030417s2004 caua sb 001 0 eng | |||
| 020 ^a717280004 | |||
| 082 ^aR 040^bL | |||
| 245 ^aLands and Peoples | |||
| 250 ^a8th ed. | |||
| 260 ^aNew York:^bGrolier,^c1972 | |||
| 913 ^aImported by ULIBM Administrator | |||
| 949 ^aImport form external file by ULIBM system | |||
| คุณยังไม่ได้ล็อกอิน คุณสามารถมีกิจกรรมร่วมกับเว็บไซต์ได้ แต่ต้องล็อกอินก่อน :: |
|
| สถานะ | |||||||||
| 1. | หนังสือ สถานะ=ใช้ในห้องสมุดเท่านั้น | R 040 L 2004 Barcode: 000198 | ►หนังสืออ้างอิง | On Shelf | |||||
| 2. | หนังสือ สถานะ=ใช้ในห้องสมุดเท่านั้น | R 040 L 2004 Barcode: 000199 | ►หนังสืออ้างอิง | On Shelf | |||||
| [แสดง 2/2 รายการ] | |||||||||

| รายการใกล้เคียง ชื่อเรื่อง [Lands and Peoples] |
BibComment |
| คอมเมนท์ทรัพยากรรายการนี้ |
|
|
ห้องสมุดโรงเรียนสามัคคีวิทยาคม
159 ถ.บรรพปราการ ต.เวียง อ.เมือง จ.เชียงราย 57000
โทร. 053-711018 โทรสาร 053-713003